000 01052nab a2200217 i 4500
001 170484
003 ES-MaACL
005 20250713041037.0
008 090310s1905 sp 000 0 spa d
080 _a821.134.2 Cervantes Saavedra, Miguel de 7 Quijote.07
100 1 _aOvejero Bustamante, Andrés,
_d1871-1954
_987998
245 1 0 _aDe la muerte de D. Quijote /
_cpor Andrés Ovejero.
600 1 4 _aCervantes Saavedra, Miguel de,
_d1547-1616.
_tDon Quijote de la Mancha-
_vAniversarios y centenarios
_937614
610 2 4 _aAteneo de Madrid-
_vConferencias-
_y1900-1939
_91907
610 2 4 _aAteneo de Madrid-
_vObras digitalizadas.
_91930
773 0 _tEl Ateneo de Madrid en el III Centenario de la publicación de El Ingenioso hidalgo Don Quijote de la Mancha : conferencias,
_dMadrid, 1905 (Imp. de Bernardo Rodríguez),
_gp. 187-209
_069185
_971761
_w69185
856 4 _uhttp://www.ateneodemadrid.net/biblioteca_digital/folletos/Folletos-0144.pdf
_zVer documento
942 _cANAM
_2udc
999 _c170484
_d170484